Prominent Terrorist Organizations - Statistics

General Stats
  • This quiz has been taken 12 times
  • The average score is 5 of 7
Answer Stats
Hint Answer % Correct
The bane of Israels existence hamas
100%
Sounds like iceland Isis
100%
Afghanistan taliban
91%
Iran's best friend hezbollah
82%
Owned by the most wanted man Al-qaeda
73%
Muslim Boko haram
27%
Originating in Somalia Al-Shabaab
18%
No matching quizzes found
Score Distribution
Percent of People with Each Score
Percentile by Number Answered
Your Score History
You have not taken this quiz